[Event "SLO-chT 29th"]
[Site "Slovenia"]
[Date "2019.12.22"]
[Round "9.5"]
[White "Tomazini, Aljosa"]
[Black "Dobrovoljc, Vid"]
[Result "1/2-1/2"]
[WhiteElo "2390"]
[BlackElo "2383"]
[PlyCount "84"]
[EventDate "2019.09.06"]
[EventType "team-tourn"]
[EventRounds "9"]
[EventCountry "SLO"]
[SourceTitle "CBM 195 Extra"]
[Source "ChessBase"]
[SourceDate "2020.05.31"]
[SourceVersion "1"]
[SourceVersionDate "2020.05.31"]
[SourceQuality "1"]
[WhiteTeam "Slovenska Bistrica Impol"]
[BlackTeam "Novo Mesto Krka"]
[WhiteTeamCountry "SLO"]
[BlackTeamCountry "SLO"]

1. d4 d5 2. Bg5 h6 3. Bh4 c6 4. e3 Qb6 5. b3 Bf5 6. Bd3 Bxd3 7. Qxd3 e5 8. Bg3 exd4 9. exd4 Nf6 10. Nf3 Be7 11. 0-0 0-0 12. c4 Ne4 13. Bf4 Bf6 14. Nbd2 Nxd2 15. Bxd2 Qa6 16. Rfe1 dxc4 17. bxc4 c5 18. Bc3 cxd4 19. Bxd4 Rd8 20. Qe4 Nd7 21. Rad1 Bxd4 22. Rxd4 Nf6 23. Qc2 Rxd4 24. Nxd4 Rc8 25. Rc1 Qd6 26. Nf5 Qe5 27. Ne3 b6 28. Qa4 Qe7 29. Rd1 g6 30. h3 Rc7 31. Qb5 Rc5 32. Qb2 Qe5 33. Rd8+ Kg7 34. Qd2 Qa1+ 35. Kh2 Ne4 36. Qc2 Qe5+ 37. Kg1 h5 38. Rd5 Rxd5 39. cxd5 Qa1+ 40. Kh2 Qe5+ 41. Kg1 Qa1+ 42. Kh2 Qe5+ 1/2-1/2

[Event "SLO-chT 29th"]
[Site "Slovenia"]
[Date "2019.09.08"]
[Round "3.2"]
[White "Tomazini, Aljosa"]
[Black "Ribli, Zoltan"]
[Result "0-1"]
[WhiteElo "2390"]
[BlackElo "2534"]
[PlyCount "110"]
[EventDate "2019.09.06"]
[EventType "team-tourn"]
[EventRounds "9"]
[EventCountry "SLO"]
[SourceTitle "CBM 192 Extra"]
[Source "Chessbase"]
[SourceDate "2019.11.06"]
[SourceVersion "1"]
[SourceVersionDate "2019.11.06"]
[SourceQuality "1"]
[WhiteTeam "Slovenska Bistrica Impol"]
[BlackTeam "Murska Sobota Radenska"]
[WhiteTeamCountry "SLO"]
[BlackTeamCountry "SLO"]

1. d4 Nf6 2. c4 e6 3. Nf3 d5 4. Nc3 c6 5. g3 dxc4 6. Bg2 b5 7. Ne5 Qb6 8. 0-0 Bb7 9. b3 cxb3 10. Qxb3 Be7 11. Rd1 0-0 12. Be3 Nd5 13. Nxd5 cxd5 14. Rdb1 a6 15. a4 b4 16. a5 Qb5 17. Qd3 Qxd3 18. Nxd3 Nc6 19. Ne5 Nxe5 20. dxe5 Bc6 21. Bf1 Rfb8 22. Bb6 Bb5 23. e4 Bxf1 24. Kxf1 dxe4 25. Re1 Bd8 26. Bxd8 Rxd8 27. Rxe4 Rab8 28. Rb1 b3 29. Re3 b2 30. Re2 g5 31. Rexb2 Rxb2 32. Rxb2 Rd5 33. f4 Rxa5 34. fxg5 Rxe5 35. Ra2 a5 36. h4 h6 37. gxh6 Kh7 38. Kg2 Kxh6 39. g4 Rb5 40. Kg3 Rb3+ 41. Kg2 Rb4 42. Rxa5 Rxg4+ 43. Kh3 Rg1 44. Re5 Rd1 45. Re2 Rd3+ 46. Kg4 Kg6 47. Kf4 Rh3 48. Kg4 Ra3 49. h5+ Kh6 50. Re5 Rd3 51. Ra5 f5+ 52. Kf4 Rd4+ 53. Kf3 Kxh5 54. Re5 Rd6 55. Re1 Kg5 0-1

[Event "SLO-chT 27th"]
[Site "Slovenia"]
[Date "2017.12.10"]
[Round "9.2"]
[White "Gombac, Jan"]
[Black "Tomazini, Aljosa"]
[Result "1/2-1/2"]
[WhiteElo "2253"]
[BlackElo "2349"]
[PlyCount "61"]
[EventDate "2017.09.29"]
[EventType "team-tourn"]
[EventRounds "9"]
[EventCountry "SLO"]
[SourceTitle "EXT 2019"]
[Source "ChessBase"]
[SourceDate "2018.10.10"]
[SourceVersion "1"]
[SourceVersionDate "2018.10.10"]
[SourceQuality "1"]
[WhiteTeam "Krsko Triglav"]
[BlackTeam "Slovenska Bistrica Impol"]
[WhiteTeamCountry "SLO"]
[BlackTeamCountry "SLO"]

1. d4 Nf6 2. c4 g6 3. Nc3 d5 4. cxd5 Nxd5 5. e4 Nxc3 6. bxc3 Bg7 7. Qa4+ Nd7 8. Nf3 0-0 9. Bg5 c5 10. Qa3 Qc7 11. Bd3 e5 12. d5 Nf6 13. h3 Ne8 14. Be3 b6 15. 0-0 Nd6 16. Nd2 Bd7 17. Qb2 f5 18. exf5 gxf5 19. f4 e4 20. Be2 Kh8 21. Nc4 Nxc4 22. Bxc4 Qd6 23. a4 Bf6 24. Bb5 Rab8 25. Bxd7 Qxd7 26. Qb3 Qd6 27. Ra2 Rfd8 28. c4 Rg8 29. Kh2 Rg7 30. g3 Rbg8 31. Rg2 1/2-1/2

[Event "SLO-chT 27th"]
[Site "Slovenia"]
[Date "2017.10.01"]
[Round "3.4"]
[White "Borisek, Jure"]
[Black "Tomazini, Aljosa"]
[Result "1-0"]
[WhiteElo "2565"]
[BlackElo "2349"]
[PlyCount "71"]
[EventDate "2017.09.29"]
[EventType "team-tourn"]
[EventRounds "9"]
[EventCountry "SLO"]
[SourceTitle "EXT 2018"]
[Source "ChessBase"]
[SourceDate "2017.10.13"]
[SourceVersion "1"]
[SourceVersionDate "2017.10.13"]
[SourceQuality "1"]
[WhiteTeam "Maribor"]
[BlackTeam "Slovenska Bistrica Impol"]
[WhiteTeamCountry "SLO"]
[BlackTeamCountry "SLO"]

1. e4 e5 2. Nf3 Nc6 3. Bb5 a6 4. Ba4 g6 5. d4 exd4 6. Nxd4 Bg7 7. Nxc6 bxc6 8. Nc3 Ne7 9. Bg5 h6 10. Be3 0-0 11. Qd2 Kh7 12. 0-0-0 d6 13. h4 Be6 14. Bb3 c5 15. Bxe6 fxe6 16. f4 Ng8 17. h5 gxh5 18. Rxh5 Nf6 19. Rh3 Ng4 20. Bg1 Qf6 21. Rf1 Qg6 22. Qe2 Rf7 23. Nd1 Raf8 24. g3 Rb8 25. c3 a5 26. Qc2 Rff8 27. Re1 Rb5 28. Rh4 Rfb8 29. e5 Nxe5 30. fxe5 Bxe5 31. Be3 Bg7 32. Reh1 Qxc2+ 33. Kxc2 Kg6 34. Bxh6 Bf6 35. Rg4+ Kf5 36. Ne3+ 1-0

[Event "Pardubice Czech op-A 28th"]
[Site "Pardubice"]
[Date "2017.07.28"]
[Round "8"]
[White "Tomazini, Aljosa"]
[Black "Chernyshov, Konstantin"]
[Result "0-1"]
[WhiteElo "2387"]
[BlackElo "2498"]
[PlyCount "126"]
[EventDate "2017.07.21"]
[EventType "swiss"]
[EventRounds "9"]
[EventCountry "CZE"]
[SourceTitle "CBM 179 Extra"]
[Source "ChessBase"]
[SourceDate "2017.08.23"]
[SourceVersion "1"]
[SourceVersionDate "2017.08.23"]
[SourceQuality "1"]

1. d4 Nf6 2. c4 e6 3. Nc3 Bb4 4. Qc2 0-0 5. Nf3 b6 6. e4 Bxc3+ 7. bxc3 Bb7 8. Bd3 Ne8 9. Bg5 f6 10. e5 fxg5 11. Bxh7+ Kh8 12. Qg6 Bxf3 13. gxf3 Nf6 14. exf6 Rxf6 15. Qc2 Nc6 16. 0-0-0 Rxf3 17. Be4 Rf4 18. Qe2 Qf6 19. f3 Rf8 20. Rhg1 Ne7 21. Rg3 Nf5 22. Rg4 Rxg4 23. fxg4 Nd6 24. Bd3 Qf2 25. Rd2 Qxe2 26. Rxe2 Rf3 27. Kd2 Nf7 28. Rg2 Kg8 29. Be2 Rf6 30. Ke3 Kf8 31. h3 Ke7 32. Bd3 Rf4 33. a4 a5 34. Rb2 d6 35. Rb5 Kf6 36. Be2 e5 37. Bd3 g6 38. Be2 Kg7 39. Bd3 Rf6 40. c5 dxc5 41. dxc5 Rc6 42. cxb6 cxb6 43. Kd2 Kf6 44. Be4 Rd6+ 45. Bd5 Nd8 46. Ke3 Ne6 47. Bxe6 Rxe6 48. Ke4 Rc6 49. Kd5 Rxc3 50. Rxb6+ Kg7 51. Kxe5 Rxh3 52. Rb5 Rg3 53. Rxa5 Rxg4 54. Ra7+ Kh6 55. a5 Ra4 56. Kf6 g4 57. Ra8 Rf4+ 58. Ke5 Rf5+ 59. Ke4 g3 60. Rh8+ Kg5 61. Rh1 Kg4 62. Ra1 g2 63. a6 Rf1 0-1

[Event "Pardubice Czech op-A 28th"]
[Site "Pardubice"]
[Date "2017.07.24"]
[Round "4"]
[White "Tomazini, Aljosa"]
[Black "Van Zyl Rudd, Jack"]
[Result "1/2-1/2"]
[WhiteElo "2387"]
[BlackElo "2125"]
[PlyCount "93"]
[EventDate "2017.07.21"]
[EventType "swiss"]
[EventRounds "9"]
[EventCountry "CZE"]
[SourceTitle "CBM 179 Extra"]
[Source "ChessBase"]
[SourceDate "2017.08.23"]
[SourceVersion "1"]
[SourceVersionDate "2017.08.23"]
[SourceQuality "1"]

1. c4 e6 2. d4 d5 3. Nc3 Nf6 4. Nf3 c5 5. cxd5 Nxd5 6. e4 Nxc3 7. bxc3 cxd4 8. cxd4 Bb4+ 9. Bd2 Bxd2+ 10. Qxd2 0-0 11. Bd3 Nc6 12. e5 h6 13. 0-0 b6 14. Qf4 Bb7 15. Qe4 g6 16. Qf4 Nb4 17. Be4 Bxe4 18. Qxe4 Qd5 19. Qf4 Kh7 20. a3 Nc6 21. h4 Ne7 22. Rac1 Qd7 23. Nh2 Nd5 24. Qe4 Qe7 25. a4 Rac8 26. Ng4 Kg7 27. Ne3 Nxe3 28. fxe3 Rxc1 29. Rxc1 Qa3 30. Rf1 Qxa4 31. h5 g5 32. Qf3 Qc2 33. Qf6+ Kh7 34. d5 Qe4 35. dxe6 Qxe3+ 36. Kh1 Qe4 37. exf7 Qh4+ 38. Kg1 Qd4+ 39. Rf2 Qd1+ 40. Rf1 Qd4+ 41. Qf2 Qxe5 42. Qc2+ Kh8 43. Qg6 Qg7 44. Qe6 Qd4+ 45. Rf2 Qd1+ 46. Rf1 Qd4+ 47. Rf2 1/2-1/2

[Event "Pardubice op rapid 28th"]
[Site "Pardubice"]
[Date "2017.07.20"]
[Round "4"]
[White "Tomazini, Aljosa"]
[Black "Mitra, Roman"]
[Result "1-0"]
[WhiteElo "2387"]
[BlackElo "2100"]
[PlyCount "89"]
[EventDate "2017.07.19"]
[EventType "swiss (rapid)"]
[EventRounds "9"]
[EventCountry "CZE"]
[SourceTitle "CBM 179 Extra"]
[Source "ChessBase"]
[SourceDate "2017.08.23"]
[SourceVersion "1"]
[SourceVersionDate "2017.08.23"]
[SourceQuality "1"]

1. d4 a6 2. c4 b5 3. e3 bxc4 4. Bxc4 e6 5. Nf3 Nf6 6. Nc3 Be7 7. 0-0 0-0 8. e4 d5 9. Bd3 dxe4 10. Nxe4 Bb7 11. Qc2 h6 12. Be3 Nd5 13. a3 Nd7 14. Bd2 a5 15. Rac1 f5 16. Nc5 Nxc5 17. dxc5 Bf6 18. Rfe1 Re8 19. Ne5 c6 20. Nc4 Bg5 21. Nd6 Bxd2 22. Qxd2 Re7 23. Nxb7 Rxb7 24. Rxe6 Nf4 25. Qxf4 Qxd3 26. Rd6 Qe4 27. Qxe4 fxe4 28. Rc2 Rab8 29. Rdd2 Rb3 30. g3 e3 31. fxe3 Rxe3 32. Rd6 Reb3 33. Rxc6 Rxb2 34. Rxb2 Rxb2 35. Ra6 Rb5 36. c6 Rc5 37. Kg2 Kf7 38. Kf3 Rc3+ 39. Ke4 Rxa3 40. Ra7+ Kf6 41. c7 Rc3 42. Kd5 a4 43. Ra6+ Ke7 44. Rc6 Rd3+ 45. Ke4 1-0

[Event "Pardubice op rapid 28th"]
[Site "Pardubice"]
[Date "2017.07.19"]
[Round "1"]
[White "Zdrazil, Tomas"]
[Black "Tomazini, Aljosa"]
[Result "1-0"]
[WhiteElo "2078"]
[BlackElo "2387"]
[PlyCount "81"]
[EventDate "2017.07.19"]
[EventType "swiss (rapid)"]
[EventRounds "9"]
[EventCountry "CZE"]
[SourceTitle "CBM 179 Extra"]
[Source "ChessBase"]
[SourceDate "2017.08.23"]
[SourceVersion "1"]
[SourceVersionDate "2017.08.23"]
[SourceQuality "1"]

1. e4 d6 2. d4 Nf6 3. Nc3 Nbd7 4. Nf3 e5 5. Bc4 Be7 6. 0-0 0-0 7. a4 c6 8. Qe2 h6 9. Rd1 Qc7 10. dxe5 dxe5 11. Nh4 Nc5 12. Ng6 Re8 13. Nxe7+ Qxe7 14. b3 Bg4 15. f3 Be6 16. Ba3 Nfd7 17. Bxe6 Qxe6 18. Rd2 a5 19. Rad1 f6 20. Rd6 Qf7 21. Qe3 b6 22. Rxc6 Ne6 23. Nb5 Nf4 24. g3 Nh3+ 25. Kg2 Ng5 26. Nd6 Qe6 27. Rc7 Qh3+ 28. Kg1 Red8 29. Nf5 Rac8 30. Rxc8 Rxc8 31. Ne7+ Kh7 32. Nxc8 Nb8 33. Nd6 Nc6 34. Nf5 g6 35. Rd7+ Kh8 36. Rd6 gxf5 37. Rxc6 f4 38. Qd3 fxg3 39. Qd8+ Kh7 40. Rc7+ Kg6 41. Qe8+ 1-0

[Event "CZE-chT rap"]
[Site "Pardubice"]
[Date "2017.07.16"]
[Round "6.2"]
[White "Tomazini, Aljosa"]
[Black "Seidl, Stepan"]
[Result "1/2-1/2"]
[WhiteElo "2387"]
[BlackElo "2172"]
[PlyCount "80"]
[EventDate "2017.07.13"]
[EventType "team-swiss"]
[EventRounds "7"]
[EventCountry "CZE"]
[SourceTitle "EXT 2018"]
[Source "ChessBase"]
[SourceDate "2017.10.13"]
[SourceVersion "1"]
[SourceVersionDate "2017.10.13"]
[SourceQuality "1"]
[WhiteTeam "Imenitni"]
[BlackTeam "Praha Oaza"]
[WhiteTeamCountry "CZE"]
[BlackTeamCountry "CZE"]

1. d4 Nf6 2. Nf3 g6 3. c4 Bg7 4. Nc3 d5 5. cxd5 Nxd5 6. e4 Nxc3 7. bxc3 c5 8. Bb5+ Bd7 9. Bxd7+ Nxd7 10. 0-0 0-0 11. Rb1 b6 12. Bg5 Qc7 13. Qd2 f6 14. Bf4 Qb7 15. d5 Qa6 16. Qc2 Rae8 17. c4 e5 18. Bd2 Rf7 19. a4 Bf8 20. Ra1 Rb8 21. Rfb1 Qc8 22. Ne1 f5 23. exf5 gxf5 24. f4 e4 25. Bc3 Bg7 26. Bxg7 Rxg7 27. g3 Qe8 28. Qe2 Nf6 29. Ng2 Ng4 30. Ne3 Nxe3 31. Qxe3 Qd8 32. Qc3 Qd7 33. a5 Rg6 34. Ra2 Re8 35. axb6 Rxb6 36. Rxb6 axb6 37. Qf6 b5 38. Qg5+ Kh8 39. Qf6+ Kg8 40. Qg5+ Kh8 1/2-1/2

[Event "Maribor Pirc Memorial op 20th"]
[Site "Maribor"]
[Date "2017.07.02"]
[Round "9"]
[White "Tratar, Marko"]
[Black "Tomazini, Aljosa"]
[Result "1/2-1/2"]
[WhiteElo "2447"]
[BlackElo "2387"]
[PlyCount "154"]
[EventDate "2017.06.24"]
[EventType "swiss"]
[EventRounds "9"]
[EventCountry "SLO"]
[SourceTitle "CBM 179 Extra"]
[Source "ChessBase"]
[SourceDate "2017.08.23"]
[SourceVersion "1"]
[SourceVersionDate "2017.08.23"]
[SourceQuality "1"]

1. c4 e5 2. Nc3 Bb4 3. Nd5 Bc5 4. Nf3 c6 5. Nc3 d6 6. e3 Qe7 7. d4 Bb6 8. h3 e4 9. Nd2 f5 10. b4 Bc7 11. Qa4 Nf6 12. b5 0-0 13. c5 dxc5 14. Ba3 Be6 15. Bxc5 Bd6 16. Bxd6 Qxd6 17. Nc4 Qe7 18. Qa3 Qxa3 19. Nxa3 a6 20. bxc6 Nxc6 21. Na4 Nd7 22. Nc3 Nb4 23. Rb1 Rfc8 24. Kd2 Nd5 25. Nxd5 Bxd5 26. Nc2 b5 27. Nb4 Nb6 28. Nxd5 Nxd5 29. Be2 Nc3 30. Rb2 Nxe2 31. Kxe2 Rc4 32. Kd2 Rac8 33. g4 g6 34. gxf5 gxf5 35. Rg1+ Kf7 36. Rg5 Kf6 37. Rg1 R8c6 38. Ra1 Kg5 39. Ke2 Rc2+ 40. Rxc2 Rxc2+ 41. Kf1 Kf6 42. a3 Ke6 43. Kg2 Kd5 44. Kg3 a5 45. Rb1 Kc4 46. Rd1 Kd5 47. Rb1 Kc6 48. h4 h5 49. d5+ Kb6 50. d6 Rd2 51. Kf4 Rxf2+ 52. Ke5 Rd2 53. Kxf5 Rxd6 54. Kxe4 Rg6 55. Kd5 Rg3 56. Re1 Rh3 57. Re2 Rxh4 58. e4 Rh3 59. Ra2 Rd3+ 60. Ke6 Kc5 61. e5 Re3 62. Ra1 Kc4 63. Kd6 b4 64. axb4 axb4 65. Rh1 b3 66. Rxh5 Rd3+ 67. Ke6 b2 68. Rh1 Rc3 69. Rb1 Kb3 70. Kd7 Rd3+ 71. Kc7 Re3 72. Kd6 Kc2 73. Rxb2+ Kxb2 74. e6 Kc3 75. e7 Kd4 76. Kd7 Rxe7+ 77. Kxe7 Ke4 1/2-1/2

[Event "Maribor Pirc Memorial op 20th"]
[Site "Maribor"]
[Date "2017.07.01"]
[Round "8"]
[White "Tomazini, Aljosa"]
[Black "Skuhala, Jernej"]
[Result "1/2-1/2"]
[WhiteElo "2387"]
[BlackElo "2306"]
[PlyCount "119"]
[EventDate "2017.06.24"]
[EventType "swiss"]
[EventRounds "9"]
[EventCountry "SLO"]
[SourceTitle "CBM 179 Extra"]
[Source "ChessBase"]
[SourceDate "2017.08.23"]
[SourceVersion "1"]
[SourceVersionDate "2017.08.23"]
[SourceQuality "1"]

1. Nf3 Nf6 2. c4 e6 3. Nc3 d5 4. d4 Bb4 5. Qb3 Be7 6. g3 0-0 7. Bg2 b6 8. Ne5 Bb7 9. cxd5 Nxd5 10. 0-0 Na6 11. e4 Nxc3 12. bxc3 c5 13. Be3 cxd4 14. cxd4 Rc8 15. f4 Rc7 16. f5 exf5 17. Rxf5 Qe8 18. Raf1 Bb4 19. Rxf7 Rfxf7 20. Rxf7 Rxf7 21. Bf1 Kf8 22. Bxa6 Bxa6 23. Nxf7 Qxf7 24. Qxb4+ Kg8 25. Qb3 Bc4 26. Qd1 Qe6 27. Qc2 Bxa2 28. Kf2 Bb3 29. Qc7 Qxe4 30. Qb8+ Kf7 31. Qxa7+ Kg6 32. Qxb6+ Be6 33. Qc5 h6 34. h4 Bd5 35. Qd6+ Kh7 36. Qf4 Qg2+ 37. Ke1 Qc2 38. g4 Be4 39. Bd2 Bd3 40. d5 Bc4 41. Qd4 Qd3 42. Qxd3+ Bxd3 43. Kf2 Bc4 44. d6 Be6 45. Kf3 Kg6 46. Kf4 h5 47. gxh5+ Kxh5 48. Ke5 Bd7 49. Bg5 Kg6 50. Kd5 Kf7 51. h5 Ba4 52. Be7 Ke8 53. Ke6 Bb3+ 54. Kf5 Bf7 55. Kg5 Kd7 56. Bf8 Be8 57. Be7 Bf7 58. Bf8 Be8 59. Bxg7 Bxh5 60. Kxh5 1/2-1/2

[Event "Maribor Pirc Memorial op 20th"]
[Site "Maribor"]
[Date "2017.06.30"]
[Round "7"]
[White "Suta, Andraz"]
[Black "Tomazini, Aljosa"]
[Result "1/2-1/2"]
[WhiteElo "2133"]
[BlackElo "2387"]
[PlyCount "52"]
[EventDate "2017.06.24"]
[EventType "swiss"]
[EventRounds "9"]
[EventCountry "SLO"]
[SourceTitle "CBM 179 Extra"]
[Source "ChessBase"]
[SourceDate "2017.08.23"]
[SourceVersion "1"]
[SourceVersionDate "2017.08.23"]
[SourceQuality "1"]

1. e4 e5 2. Nf3 Nc6 3. Bc4 Nf6 4. d3 Be7 5. 0-0 0-0 6. Re1 d6 7. c3 Na5 8. Bb5 a6 9. Ba4 c5 10. h3 h6 11. Nbd2 Kh8 12. Bc2 Ng8 13. d4 Nc6 14. Nc4 b5 15. Ne3 cxd4 16. cxd4 Bb7 17. Nf5 Bf6 18. d5 Nce7 19. Ng3 g6 20. a4 Bg7 21. axb5 axb5 22. Rxa8 Qxa8 23. Nh4 Bf6 24. Nf3 Bg7 25. Nh4 Bf6 26. Nf3 Bg7 1/2-1/2

[Event "Maribor Pirc Memorial op 20th"]
[Site "Maribor"]
[Date "2017.06.28"]
[Round "5"]
[White "Jelen, Igor"]
[Black "Tomazini, Aljosa"]
[Result "1/2-1/2"]
[WhiteElo "2368"]
[BlackElo "2387"]
[PlyCount "160"]
[EventDate "2017.06.24"]
[EventType "swiss"]
[EventRounds "9"]
[EventCountry "SLO"]
[SourceTitle "CBM 179 Extra"]
[Source "ChessBase"]
[SourceDate "2017.08.23"]
[SourceVersion "1"]
[SourceVersionDate "2017.08.23"]
[SourceQuality "1"]

1. d4 Nf6 2. c4 e6 3. Nc3 Bb4 4. e3 b6 5. Nge2 c5 6. a3 Ba5 7. Rb1 Qe7 8. Bd2 0-0 9. Ng3 cxd4 10. exd4 Bxc3 11. Bxc3 Nc6 12. b4 a5 13. Be2 d5 14. c5 axb4 15. axb4 bxc5 16. dxc5 d4 17. Ba1 Rxa1 18. Rxa1 Nxb4 19. Rc1 d3 20. Qd2 Nc2+ 21. Rxc2 dxc2 22. Qxc2 Bb7 23. 0-0 Rc8 24. Rc1 Nd7 25. Qd1 Nxc5 26. Bf3 Rd8 27. Qc2 Bxf3 28. Qxc5 Qxc5 29. Rxc5 Rd1+ 30. Nf1 Bb7 31. Ra5 h6 32. f3 g5 33. Kf2 Rb1 34. Ra2 Kg7 35. Ne3 f5 36. Nc4 Bd5 37. Rb2 Ra1 38. Ne3 Ra5 39. h3 Kf6 40. Re2 Rb5 41. Nd1 h5 42. Rd2 Ra5 43. Nc3 Rc5 44. Ne2 Ra5 45. Ng3 Kg6 46. Ne2 Bc4 47. Rc2 Bxe2 48. Kxe2 Kf6 49. Kf2 Ra4 50. Re2 Rb4 51. Ra2 Ke5 52. Re2+ Kd5 53. Rd2+ Rd4 54. Ra2 Ke5 55. Re2+ Kf6 56. Ra2 Rd6 57. Re2 Rb6 58. Kg3 Rb3 59. Kf2 Ra3 60. Rb2 f4 61. Rb4 Ra2+ 62. Kf1 Rd2 63. h4 Kf5 64. hxg5 Kxg5 65. Rb8 Rd5 66. Re8 Kf6 67. Rh8 Ra5 68. Rh6+ Ke7 69. Kf2 Rg5 70. Rh8 Kd6 71. Ra8 Rc5 72. Rd8+ Ke5 73. Rd2 Rd5 74. Re2+ Kf5 75. Ra2 e5 76. Ra8 Rd1 77. Rf8+ Kg6 78. Rg8+ Kf6 79. Rf8+ Ke6 80. Re8+ Kf6 1/2-1/2

[Event "AUT-chT2M 1617"]
[Site "Austria"]
[Date "2017.01.27"]
[Round "6.6"]
[White "Mostbauer, Florian"]
[Black "Tomazini, Aljosa"]
[Result "1/2-1/2"]
[WhiteElo "2261"]
[BlackElo "2377"]
[PlyCount "115"]
[EventDate "2016.10.07"]
[EventType "team-tourn"]
[EventRounds "11"]
[EventCountry "AUT"]
[SourceTitle "CBM 177 Extra"]
[Source "ChessBase"]
[SourceDate "2017.04.27"]
[SourceVersion "1"]
[SourceVersionDate "2017.04.27"]
[SourceQuality "1"]
[WhiteTeam "Ansfelden"]
[BlackTeam "Maria Saal II"]
[WhiteTeamCountry "AUT"]
[BlackTeamCountry "AUT"]

1. d4 Nf6 2. Bf4 g6 3. e3 Bg7 4. Be2 d6 5. Nf3 c5 6. c3 Nbd7 7. h3 0-0 8. 0-0 b6 9. a4 a6 10. Bh2 Bb7 11. Nbd2 Rc8 12. Qb3 Rc7 13. Rfc1 Qa8 14. Nc4 Bd5 15. Qd1 Rfc8 16. Qf1 cxd4 17. cxd4 Qb7 18. b4 Nb8 19. Nfd2 Ne4 20. Nxe4 Bxe4 21. f3 Bd5 22. Bg3 Bh6 23. Bf2 Bxc4 24. Bxc4 d5 25. Bd3 Rc3 26. Rxc3 Rxc3 27. f4 Qc8 28. Qd1 e6 29. Be1 Rc7 30. Bd2 Bf8 31. b5 a5 32. Rc1 Rxc1 33. Qxc1 Qxc1+ 34. Bxc1 f5 35. Bd2 Nd7 36. Be1 Be7 37. Kf1 Kf7 38. Ke2 h6 39. Bf2 Nf6 40. Bh4 Ne8 41. Be1 Kf6 42. Bh4+ g5 43. fxg5+ hxg5 44. Bg3 Kg6 45. Kf3 Kh5 46. Bf2 Nf6 47. g4+ fxg4+ 48. hxg4+ Nxg4 49. Bg6+ Kxg6 50. Kxg4 Bd6 51. Bg1 Kf6 52. Bf2 Bc7 53. Bg1 e5 54. Bf2 e4 55. Bg1 Bd6 56. Bf2 Bh2 57. Kh3 Bb8 58. Kg4 1/2-1/2